[Event "12e Tournoi de Noël"]
[Site "Montigny le Bretonneux"]
[Date "2009.12.30"]
[Round "6.17"]
[White "Rodriguez, Jean-Pierre"]
[Black "Couradin, Bruno"]
[Result "1-0"]
[WhiteElo "1648"]
[BlackElo "1630"]
[Annotator "Rivier,Sylvain"]
[PlyCount "73"]

{Ouverture anglaise, variante sicilienne inversée} 1. c4 e5 2. Nc3 Nc6 3. g3
Nf6 4. Bg2 Bc5 5. e3 a6 6. a3 d6 7. h3 Be6 8. d3 d5 9. cxd5 Nxd5 10. Nge2 Nxc3
11. bxc3 Qd7 12. d4 exd4 13. cxd4 Rd8 14. Bb2 Bb6 15. Nf4 Ba5+ 16. Kf1 Bc4+ 17.
Kg1 O-O {#} 18. d5 Ne7 19. Qd4 f6 20. Qxc4 b5 21. Qb3 Rf7 22. Kh2 g5 23. Nh5
Qf5 24. Nxf6+ Kf8 25. e4 Qg6 26. e5 Qf5 27. Rhf1 Rxf6 28. exf6 Nxd5 29. Rad1 c6
30. Bxd5 cxd5 31. Qe3 Re8 32. Qc5+ Kf7 33. Qxd5+ Qxd5 34. Rxd5 Re2 35. Ba1 h6
36. Rd7+ Kf8 37. Rh7 1-0

[Event "12e Tournoi de Noël"]
[Site "Montigny le Bretonneux"]
[Date "2009.12.30"]
[Round "6.18"]
[White "Couronne, Patrice"]
[Black "Mongey, Kilian"]
[Result "1-0"]
[WhiteElo "1768"]
[BlackElo "1670"]
[Annotator "Rivier,Sylvain"]
[PlyCount "100"]

{Ouverture du pion dame} 1. d4 Nf6 2. Nc3 g6 3. e3 Bg7 4. Be2 d6 5. Nf3 O-O 6.
Bd2 Bf5 7. Nh4 Bd7 8. f4 e6 9. g3 Bc6 10. Bf3 Nfd7 11. Qe2 Bxf3 12. Nxf3 c5 13.
Ne4 cxd4 14. Nxd6 dxe3 15. Bxe3 b6 16. O-O-O Qc7 17. h4 Nf6 18. Nb5 Qb7 19.
Rhg1 Nd5 20. Bd4 Qa6 21. Bxg7 Kxg7 {#} 22. Rxd5 exd5 23. Qe5+ Kg8 24. Qxd5 Rc8
25. Ng5 Rf8 26. Nc7 Qe2 27. Qe5 Qxe5 28. fxe5 Nd7 29. Nxa8 Rxa8 30. e6 fxe6 31.
Nxe6 Re8 32. Nf4 Nc5 33. Nd5 Kg7 34. Nc3 Rd8 35. Re1 Kf7 36. b4 Ne6 37. Ne2 Rc8
38. c3 Rc4 39. Kc2 a5 40. a3 axb4 41. axb4 b5 42. Ra1 Nc7 43. Nd4 Ke7 44. Ra5
Kd6 45. Nxb5+ Nxb5 46. Rxb5 Kc6 47. Rg5 Re4 48. Kd3 Re6 49. c4 h6 50. Ra5 Rf6
1-0

[Event "12e Tournoi de Noël"]
[Site "Montigny le Bretonneux"]
[Date "2009.12.30"]
[Round "6.19"]
[White "Clement-Demange, Bernard"]
[Black "Galopin, Gregory"]
[Result "1/2-1/2"]
[WhiteElo "1735"]
[BlackElo "1590"]
[Annotator "Rivier,Sylvain"]
[PlyCount "45"]

{Gambit dame, défense semi-slave} 1. c4 c6 2. Nc3 Nf6 3. d4 d5 4. e3 e6 5. Nf3
Bd6 6. b3 O-O 7. Bd3 Nbd7 8. O-O dxc4 9. bxc4 c5 10. Ba3 Be7 11. Qc2 cxd4 12.
Bxe7 Qxe7 13. Nxd4 Ne5 14. Be2 Bd7 15. Rab1 b6 16. Nf3 Nxf3+ 17. Bxf3 Rac8 18.
Qb3 Bc6 19. Be2 Ne4 20. Rfd1 Nxc3 21. Qxc3 Rfd8 {#} 22. a3 Rxd1+ 23. Rxd1
1/2-1/2

[Event "12e Tournoi de Noël"]
[Site "Montigny le Bretonneux"]
[Date "2009.12.30"]
[Round "6.20"]
[White "Canto, Jean-Louis"]
[Black "Miolane, Tom"]
[Result "1-0"]
[WhiteElo "1610"]
[BlackElo "1340"]
[Annotator "Rivier,Sylvain"]
[PlyCount "97"]

{Partie espagnole, défense berlinoise} 1. e4 e5 2. Nf3 Nc6 3. Bb5 d6 4. c3 Bg4
5. O-O Nf6 6. Re1 d5 7. exd5 Qxd5 8. c4 Qe6 9. d4 {#} O-O-O 10. d5 Nxd5 11.
cxd5 Rxd5 12. Bc4 Bxf3 13. Qxf3 Nd4 14. Qc3 a5 15. a3 Bc5 16. Nd2 Rhd8 17. Bxd5
Rxd5 18. Kf1 Qf5 19. Ne4 Ne6 20. Nxc5 Rxc5 21. Qf3 Qg6 22. Be3 e4 23. Qg3 Rc2
24. Qxg6 hxg6 25. b4 a4 26. Rec1 Rxc1+ 27. Rxc1 b6 28. Bxb6 Kb7 29. Be3 g5 30.
g3 f5 31. Bc5 f4 32. gxf4 gxf4 33. Rc4 e3 34. fxe3 f3 35. h4 g5 36. hxg5 Nxg5
37. e4 Kc6 38. e5 Kd5 39. Kf2 c6 40. Bb6 Ke6 41. Bc7 Kf5 42. Rc1 Ne6 43. Rxc6
Nxc7 44. Rxc7 Kxe5 45. b5 Kd6 46. Rc1 Kd7 47. b6 Kd6 48. b7 Kd5 49. b8=Q 1-0

[Event "12e Tournoi de Noël"]
[Site "Montigny le Bretonneux"]
[Date "2009.12.30"]
[Round "6.21"]
[White "Couradin, Jean-Marie"]
[Black "Brisson, Michele"]
[Result "1-0"]
[WhiteElo "1755"]
[BlackElo "1290"]
[Annotator "Rivier,Sylvain"]
[PlyCount "41"]

{Gambit du roi} 1. e4 e5 2. f4 d6 3. Nf3 Nf6 4. Nc3 Nc6 5. Bc4 Bg4 6. O-O Nd4 {
#} 7. fxe5 dxe5 8. Bxf7+ Kxf7 9. Nxe5+ Ke8 10. Nxg4 Nxg4 11. Qxg4 Nxc2 12. Qh5+
g6 13. Qe5+ Qe7 14. Qxh8 Nxa1 15. Nd5 Qc5+ 16. d4 Qd6 17. Nxc7+ Qxc7 18. Qxf8+
Kd7 19. Qxa8 Ke6 20. d5+ Ke5 21. Bf4+ 1-0

[Event "12e Tournoi de Noël"]
[Site "Montigny le Bretonneux"]
[Date "2009.12.30"]
[Round "6.22"]
[White "Mauron, Regis"]
[Black "Bouloc, Roger"]
[Result "1-0"]
[WhiteElo "1585"]
[BlackElo "1460"]
[Annotator "Rivier,Sylvain"]
[PlyCount "97"]

{Ouverture irrégulière} 1. b4 e5 2. Bb2 Bxb4 3. Bxe5 Nf6 4. e3 Nc6 5. Bb2 d5 6.
Nf3 a6 7. Be2 Bf5 8. O-O O-O 9. d3 Qd6 10. c3 Bc5 {#} 11. d4 Ba7 12. Ba3 Qd7
13. Bxf8 Rxf8 14. Nbd2 b5 15. a3 Re8 16. Re1 Ne7 17. a4 Bb8 18. axb5 axb5 19.
Ne5 Qd6 20. Bxb5 c6 21. Bf1 Ng6 22. Nef3 Bg4 23. g3 Ne4 24. Qc1 Qf6 25. Bg2 h5
26. Nxe4 Rxe4 27. Nd2 Re8 28. f4 h4 29. h3 Bxh3 30. Bxh3 hxg3 31. Nf3 Nh4 32.
Nxh4 Qxh4 33. Kg2 g5 34. fxg5 Qe4+ 35. Kg1 Kg7 36. Qb1 Qf3 37. Qc2 Rxe3 38. Rf1
Rxc3 39. Rxf3 Rxc2 40. Rf6 Bf4 41. Rxf4 Rh2 42. Bg2 Kg6 43. Rf6+ Kxg5 44. Rxc6
f5 45. Rc5 f4 46. Rxd5+ Kg4 47. Rf1 Rxg2+ 48. Kxg2 f3+ 49. Rxf3 1-0

[Event "12e Tournoi de Noël"]
[Site "Montigny le Bretonneux"]
[Date "2009.12.31"]
[Round "7.1"]
[White "Stroppa, Daniel"]
[Black "Guliyev, Namig"]
[Result "0-1"]
[WhiteElo "2208"]
[BlackElo "2514"]
[Annotator "Rivier,Sylvain"]
[PlyCount "123"]

{Ouverture irrégulière} 1. a3 d5 2. Nf3 c5 3. c4 dxc4 4. e4 Bg4 5. Bxc4 e6 6.
Qa4+ Nd7 7. Ne5 Ngf6 8. h3 Bh5 9. g4 a6 10. Nxd7 Nxd7 11. gxh5 b5 12. Bxb5 axb5
13. Qxb5 Bd6 14. Qe2 c4 15. d4 cxd3 16. Qxd3 Nc5 17. Qb5+ Kf8 18. Nc3 Rb8 19.
Qe2 Nb3 20. Rb1 Be5 21. Be3 h6 22. Rd1 Qa5 23. O-O Kg8 24. Rd7 Bxc3 25. bxc3
Qxa3 26. Qc4 Na5 27. Qc7 Rb7 28. Rd8+ Kh7 29. Rxh8+ Kxh8 30. Qc8+ Kh7 31. Rd1
Rb5 32. Rd8 Rxh5 33. Kg2 Qe7 34. Rh8+ Kg6 35. Qd8 Qxd8 36. Rxd8 {#} Nc4 37. Rd3
Ra5 38. f4 Ra2+ 39. Kf3 Rh2 40. Kg3 Rc2 41. Bd4 f6 42. e5 f5 43. Rd1 Nd2 44.
Ra1 Ne4+ 45. Kf3 Nxc3 46. Ra6 Nb5 47. Bf2 Rc3+ 48. Kg2 Kf7 49. Rb6 Nc7 50. Rb7
Kg6 51. Rb6 Kh5 52. Rd6 g5 53. Bg3 Kg6 54. h4 gxh4 55. Bxh4 Kh5 56. Bg3 Kg4 57.
Bh2 h5 58. Rd8 Rc2+ 59. Kg1 h4 60. Rd4 Nd5 61. Ra4 Kh3 62. Kh1 0-1

[Event "12e Tournoi de Noël"]
[Site "Montigny le Bretonneux"]
[Date "2009.12.31"]
[Round "7.3"]
[White "Baron, Romuald"]
[Black "Ider, Borya"]
[Result "0-1"]
[WhiteElo "1984"]
[BlackElo "2276"]
[Annotator "Rivier,Sylvain"]
[PlyCount "72"]

{Défense française, variante Winaver} 1. e4 e6 2. d4 d5 3. Nc3 Bb4 4. e5 Ne7 5.
a3 Bxc3+ 6. bxc3 c5 7. Qg4 Qc7 8. Qxg7 Rg8 9. Qxh7 cxd4 10. Ne2 Nbc6 11. f4
dxc3 12. Qd3 d4 13. Nxd4 Nxd4 14. Qxd4 Bd7 15. Rb1 Nf5 16. Qf2 Qc6 17. Bb5 {#}
Qe4+ 18. Qe2 Qxe2+ 19. Bxe2 Bc6 20. Rg1 Rxg2 21. Rxg2 Bxg2 22. Be3 Rc8 23. Kf2
Bd5 24. Bd3 a6 25. Bxf5 exf5 26. Bd4 Kd7 27. Rb6 Be4 28. Rb3 Rg8 29. Rxc3 Rg2+
30. Ke1 Rxh2 31. Bf2 b5 32. Rc5 Rh3 33. a4 bxa4 34. Ra5 Bxc2 35. Rxa6 Bb3 36.
Ke2 Bc4+ 0-1

[Event "12e Tournoi de Noël"]
[Site "Montigny le Bretonneux"]
[Date "2009.12.31"]
[Round "7.4"]
[White "Msellek, Ilyass"]
[Black "Etrog, Jonathan"]
[Result "1-0"]
[WhiteElo "1973"]
[BlackElo "2178"]
[Annotator "Rivier,Sylvain"]
[PlyCount "81"]

{Défense sicilienne, variante O'Kelly} 1. Nf3 c5 2. e4 a6 3. b3 Nc6 4. Bb2 d6
5. d3 e5 6. g3 g6 7. Bg2 Bg7 8. O-O Nge7 9. Nfd2 O-O 10. Nc3 Be6 11. Ne2 Qd7
12. c4 b5 13. Nc3 Nd4 14. Nd5 Rfe8 15. Bxd4 cxd4 16. f4 Bxd5 17. cxd5 Qc7 18.
Nf3 Bh6 19. Ng5 Kg7 20. Rc1 Qd8 21. h4 Bxg5 22. hxg5 exf4 23. gxf4 f5 24. Qd2
Rc8 25. Rxc8 Qxc8 26. e5 Qc3 27. Qe2 Ng8 28. exd6 Qc5 29. Qe5+ Kf7 30. Re1 Rd8
{#} 31. Qe6+ Kg7 32. d7 Qc7 33. Qe5+ Qxe5 34. fxe5 Rxd7 35. d6 h6 36. Bc6 Rd8
37. gxh6+ Kxh6 38. Bd5 Nf6 39. exf6 Rxd6 40. f7 Kg7 41. Re8 1-0

[Event "12e Tournoi de Noël"]
[Site "Montigny le Bretonneux"]
[Date "2009.12.31"]
[Round "7.5"]
[White "Riazuelo, Gilles"]
[Black "Thomas, Vincent"]
[Result "1-0"]
[WhiteElo "2102"]
[BlackElo "1979"]
[Annotator "Rivier,Sylvain"]
[PlyCount "69"]

{Défense française, variante Winaver} 1. e4 e6 2. d4 d5 3. Nc3 Bb4 4. e5 c5 5.
a3 Bxc3+ 6. bxc3 Qa5 7. Bd2 Qa4 8. Qg4 g6 9. Qd1 b6 10. Nf3 Ba6 11. c4 Nc6 12.
dxc5 bxc5 13. c3 Qxd1+ 14. Rxd1 dxc4 15. Be3 Nge7 16. Rd6 O-O 17. Be2 Rfd8 18.
Bxc5 Rxd6 19. Bxd6 Nf5 20. O-O Nxd6 21. exd6 Rd8 {#} 22. Rd1 f6 23. d7 Kf7 24.
Rd6 Nb8 25. Nd2 Rxd7 26. Rxd7+ Nxd7 27. Bxc4 Bxc4 28. Nxc4 Ke7 29. Kf1 Nb6 30.
Ne3 Kd6 31. Ke2 Nd5 32. Kd3 Nxe3 33. fxe3 Kc5 34. g4 h6 35. e4 1-0

[Event "12e Tournoi de Noël"]
[Site "Montigny le Bretonneux"]
[Date "2009.12.31"]
[Round "7.6"]
[White "Vallobra, Pierre"]
[Black "Ferreira, Carlos"]
[Result "1-0"]
[WhiteElo "2055"]
[BlackElo "1872"]
[Annotator "Rivier,Sylvain"]
[PlyCount "95"]

{Défense sicilienne, variante Taimanov} 1. e4 c5 2. Nf3 e6 3. d4 cxd4 4. Nxd4
a6 5. Be2 Nc6 6. O-O Nf6 7. Nc3 Bb4 8. Bf3 Ne5 9. Bg5 h6 10. Bf4 Qc7 11. Nce2
Nxf3+ 12. Nxf3 Qd8 13. Qd4 Be7 14. Rad1 O-O 15. c4 d6 16. Qe3 Qc7 17. e5 dxe5
18. Nxe5 Qa5 19. Qb3 Nh5 20. Nd7 Nxf4 21. Nxf4 Rd8 22. Nb6 Rb8 23. a3 Qg5 24.
Ne2 Bd6 25. Ng3 Qe7 {#} 26. Rd2 Bxg3 27. Rxd8+ Qxd8 28. Qxg3 Qxb6 29. Qxb8 Qc6
30. Rd1 Qxc4 31. h3 Kh7 32. Rd8 Qc1+ 33. Kh2 Qxb2 34. Rxc8 Qxf2 35. Qxb7 Qf4+
36. g3 Qf5 37. Qb2 e5 38. Rc4 g6 39. Qc2 e4 40. Qxe4 Qf1 41. Rc2 Qb1 42. Qc4
Qb7 43. Rf2 Kg7 44. Qd4+ Kh7 45. Qf6 Kg8 46. a4 a5 47. Qd8+ Kg7 48. Qxa5 1-0

[Event "12e Tournoi de Noël"]
[Site "Montigny le Bretonneux"]
[Date "2009.12.31"]
[Round "7.7"]
[White "Fayolle, Guy"]
[Black "San Marco, Jean"]
[Result "0-1"]
[WhiteElo "1842"]
[BlackElo "2008"]
[Annotator "Rivier,Sylvain"]
[PlyCount "64"]

{Défense sicilienne, variante Löwenthal} 1. e4 c5 2. Nf3 Nc6 3. d4 cxd4 4. Nxd4
Nf6 5. Nc3 e5 6. Ndb5 d6 7. Bg5 a6 8. Na3 Be6 9. Bxf6 Qxf6 10. Nd5 Qd8 11. c3
Be7 12. Nc2 O-O 13. a4 Bg5 14. h4 Bh6 15. a5 Bxd5 16. Qxd5 Qf6 17. Rd1 Rfd8 18.
Rd3 Ne7 19. Qb3 Qf4 20. Re3 d5 21. g3 Qf6 22. Re2 d4 23. cxd4 exd4 24. Qd3 Nc6
25. f4 {#} Bxf4 26. gxf4 Qxf4 27. Rf2 Qc1+ 28. Qd1 Qxb2 29. Bd3 Ne5 30. Rhf1
Rac8 31. Rg1 Qc3+ 32. Ke2 Nxd3 0-1

[Event "12e Tournoi de Noël"]
[Site "Montigny le Bretonneux"]
[Date "2009.12.31"]
[Round "7.8"]
[White "Brisson, Pascal"]
[Black "Claisse, Patrick"]
[Result "1/2-1/2"]
[WhiteElo "1826"]
[BlackElo "1923"]
[Annotator "Rivier,Sylvain"]
[PlyCount "69"]

{Défense GrÜnfeld, variante Alekhine} 1. d4 Nf6 2. c4 g6 3. Nc3 d5 4. cxd5 Nxd5
5. e4 Nxc3 6. bxc3 Bg7 7. Bc4 O-O 8. Ne2 c5 9. Be3 Qc7 10. Rc1 Nc6 11. O-O Rd8
12. Qd2 a6 13. a4 Na5 14. Qa2 e6 15. Rfd1 Bd7 16. d5 Nxc4 17. Qxc4 Rac8 18. Qa2
Qa5 19. dxe6 Bxe6 20. Rxd8+ Rxd8 21. Qa3 Bf8 22. h3 b5 23. Bxc5 Bxc5 24. Qxc5
Qxa4 25. Nd4 Qc4 26. Qb6 Qc8 27. Nc6 Rd7 28. Nb4 Rc7 29. Qxa6 Rxc3 30. Rxc3
Qxc3 31. Qxb5 Qe1+ 32. Kh2 Qxe4 {#} 33. Qc5 Qf4+ 34. Kg1 Qc4 35. Qxc4 1/2-1/2

[Event "12e Tournoi de Noël"]
[Site "Montigny le Bretonneux"]
[Date "2009.12.31"]
[Round "7.9"]
[White "Branson, James"]
[Black "Jean, Robert"]
[Result "0-1"]
[WhiteElo "1674"]
[BlackElo "1809"]
[Annotator "Rivier,Sylvain"]
[PlyCount "98"]

{Défense sicilienne} 1. e4 c5 2. Nf3 d6 3. c3 Nf6 4. e5 dxe5 5. Nxe5 a6 6. Bc4
e6 7. a4 Bd6 8. f4 Nbd7 9. d4 O-O 10. O-O cxd4 11. cxd4 Qb6 12. Kh1 Qc7 13. Qe2
Nb6 14. Bd3 Nbd5 {#} 15. Bd2 Qb6 16. Bc3 Nxc3 17. Nxc3 Qxd4 18. Rad1 Qb6 19.
Rf3 Rd8 20. Rh3 h6 21. g4 Bxe5 22. fxe5 Qc6+ 23. Kg1 Nd5 24. Qe4 Qb6+ 25. Kf1
f5 26. exf6 Nxf6 27. Qg6 Rf8 28. Ke2 Qxb2+ 29. Rd2 Qxc3 30. Rxh6 Qe5+ 31. Kd1
Qf4 32. g5 Qg4+ 33. Kc1 Bd7 34. Rh7 Rac8+ 35. Rc2 Rxc2+ 36. Bxc2 Qf4+ 37. Kb2
Qe5+ 38. Kb1 Nxh7 39. Qxh7+ Kf7 40. g6+ Ke7 41. Qh4+ Ke8 42. Qh3 Qe1+ 43. Kb2
Qb4+ 44. Kc1 Qc4 45. Kb2 Qf1 46. Qg3 Qf4 47. Qh3 e5 48. Qh4 Qb4+ 49. Bb3 Rf2+
0-1

[Event "12e Tournoi de Noël"]
[Site "Montigny le Bretonneux"]
[Date "2009.12.31"]
[Round "7.10"]
[White "Bouvier, Clement"]
[Black "Appavou, Calixte"]
[Result "1-0"]
[WhiteElo "1776"]
[BlackElo "1894"]
[Annotator "Rivier,Sylvain"]
[PlyCount "97"]

{Partie du pion dame} 1. d4 d5 2. Nf3 Nf6 3. g3 c6 4. Bg2 Bf5 5. O-O e6 6. Nbd2
Bd6 7. b3 Nbd7 8. Bb2 Ne4 9. Nh4 Be7 10. Nxe4 Bxe4 11. Bxe4 Bxh4 12. Bg2 Bf6
13. Rb1 O-O 14. e3 Re8 15. Qd2 Rc8 16. c4 b5 17. cxd5 cxd5 18. Rfc1 Qb6 19. Bc3
Qb7 20. Bf1 Be7 21. Bb2 b4 22. Bd3 Rxc1+ 23. Rxc1 Rc8 24. Qe2 Rxc1+ 25. Bxc1
Qc7 26. Bb2 a5 27. Bb1 g6 28. Qb5 Nf6 29. Kg2 h5 30. f3 Bd8 31. Qd3 Ne8 32. a3
Qb6 33. a4 Bc7 34. Bc1 Nd6 35. e4 Qc6 36. Bd2 dxe4 37. fxe4 f5 38. d5 exd5 39.
exd5 Qe8 40. Bf4 Qe1 {#} 41. Qc2 Qe7 42. Kf1 Qd7 43. Qc5 Kf7 44. Bd3 Qd8 45.
Bb5 Bb8 46. Qe3 Ne4 47. Bd3 Bxf4 48. Qxf4 Qxd5 49. Bc4 1-0

[Event "12e Tournoi de Noël"]
[Site "Montigny le Bretonneux"]
[Date "2009.12.31"]
[Round "7.11"]
[White "Kuhar, Carl"]
[Black "Conq, Alain"]
[Result "1-0"]
[WhiteElo "1787"]
[BlackElo "1886"]
[Annotator "Rivier,Sylvain"]
[PlyCount "69"]

{Défense sicilienne, variante Löwenthal} 1. e4 c5 2. Nf3 Nc6 3. d4 cxd4 4. Nxd4
e5 5. Nb3 Nf6 6. N1d2 d5 7. exd5 Qxd5 8. c4 Qe6 9. Nf3 Bb4+ 10. Bd2 Bxd2+ 11.
Qxd2 O-O 12. Be2 Rd8 13. Qc3 e4 14. Nfd4 Nxd4 15. Nxd4 Qe5 16. Rd1 Bg4 17. Bxg4
Nxg4 18. h3 Nf6 19. O-O Rac8 {#} 20. Nb5 Qc5 21. b4 Qb6 22. a4 a6 23. c5 Qe6
24. Rxd8+ Rxd8 25. Nd6 b6 26. Re1 bxc5 27. bxc5 Qd5 28. Rb1 Nd7 29. Qa5 Ra8 30.
Qc7 Nf8 31. Rb7 Ne6 32. Qxf7+ Kh8 33. Re7 Qxc5 34. Re8+ Rxe8 35. Qxe8+ 1-0

[Event "12e Tournoi de Noël"]
[Site "Montigny le Bretonneux"]
[Date "2009.12.31"]
[Round "7.12"]
[White "Danzanvilliers, Patrice"]
[Black "Fruchard, Cyrille"]
[Result "1/2-1/2"]
[WhiteElo "1855"]
[BlackElo "1660"]
[Annotator "Rivier,Sylvain"]
[PlyCount "66"]

{Partie italienne, guiocco piano} 1. e4 e5 2. Nf3 Nc6 3. Bc4 Bc5 4. c3 Nf6 5.
d3 d6 6. h3 Be6 7. Bb3 h6 8. O-O O-O 9. Re1 Nh7 10. Nbd2 Qd7 11. Bxe6 fxe6 12.
b4 Bb6 13. Nc4 Rf7 14. a4 a5 15. Nxb6 cxb6 16. Be3 Qc7 17. Qb3 Re8 18. Rad1 Nf6
19. c4 Ne7 20. Qb2 Ng6 21. Qe2 Nh5 22. g3 Ref8 23. Nh2 Nf6 {#} 24. f3 Nh7 25.
Qd2 Rf6 26. Rf1 Ne7 27. Kg2 Nc6 28. Rc1 Nd4 29. Bxd4 exd4 30. f4 e5 31. f5 R6f7
32. Qe2 Nf6 33. Ng4 Qe7 1/2-1/2

[Event "12e Tournoi de Noël"]
[Site "Montigny le Bretonneux"]
[Date "2009.12.31"]
[Round "7.13"]
[White "Beaufils, Philippe"]
[Black "Mourgues, Joelle"]
[Result "1-0"]
[WhiteElo "1835"]
[BlackElo "1792"]
[Annotator "Rivier,Sylvain"]
[PlyCount "113"]

{Défense sicilienne, gambit Morra} 1. e4 c5 2. d4 cxd4 3. c3 d3 4. Bxd3 g6 5.
c4 Bg7 6. Nc3 Nc6 7. Nge2 d6 8. Be3 Nf6 9. f3 Bd7 10. Rc1 Nb4 11. Bb1 b6 12.
Qd2 Na6 13. Bh6 O-O 14. g4 Nc7 15. h4 {#} Nxg4 16. Bxg7 Kxg7 17. fxg4 Bxg4 18.
Ng3 h5 19. Bd3 Qd7 20. O-O e5 21. Nd5 Ne6 22. Nf6 Qe7 23. Qh2 Nf4 24. Nd5 Nh3+
25. Qxh3 Bxh3 26. Nxe7 Rae8 27. Nd5 Bxf1 28. Bxf1 f6 29. Kh2 Rf7 30. Be2 Ref8
31. Kh3 Kh6 32. Bd3 Kg7 33. Bc2 Rb7 34. Ba4 Rbf7 35. Ne3 Rd8 36. Bc6 a6 37. b4
Rc7 38. b5 axb5 39. Bxb5 Ra7 40. a4 Rf7 41. Ne2 Rdf8 42. Rg1 Kh6 43. Rd1 Rd8
44. Rf1 Kg7 45. Nc3 Rdf8 46. Rg1 Kh6 47. Ncd5 f5 48. exf5 gxf5 49. Nxb6 f4 50.
Nf1 e4 51. Nd5 f3 52. Nde3 Rf4 53. a5 R8f7 54. a6 R4f6 55. Bc6 d5 56. Bxd5 Re7
57. Rg5 1-0

[Event "12e Tournoi de Noël"]
[Site "Montigny le Bretonneux"]
[Date "2009.12.31"]
[Round "7.14"]
[White "Le Grix De La Salle, Jean-Marie"]
[Black "Rodriguez, Jean-Pierre"]
[Result "1-0"]
[WhiteElo "1869"]
[BlackElo "1648"]
[Annotator "Rivier,Sylvain"]
[PlyCount "47"]

{Gambit dame, défense orthodoxe} 1. d4 d5 2. c4 e6 3. Nf3 Nf6 4. Bg5 Nbd7 5.
Nc3 Be7 6. e3 O-O 7. Rc1 a6 8. Bd3 dxc4 9. Bxc4 c6 10. O-O Re8 11. a3 h6 12.
Bh4 Nh7 13. Bg3 Nb6 14. Ba2 Bd6 15. Ne5 Nf6 16. Qf3 Rf8 17. Rfd1 Qe7 {#} 18.
Bh4 Nbd7 19. Nxd7 Bxd7 20. Ne4 g5 21. Nxf6+ Kh8 22. Bxg5 hxg5 23. Qh5+ Kg7 24.
Qxg5+ 1-0

[Event "12e Tournoi de Noël"]
[Site "Montigny le Bretonneux"]
[Date "2009.12.31"]
[Round "7.15"]
[White "Couronne, Patrice"]
[Black "Mongey, Alain"]
[Result "0-1"]
[WhiteElo "1768"]
[BlackElo "1613"]
[Annotator "Rivier,Sylvain"]
[PlyCount "41"]

{Défense sicilienne, variante du dragon} 1. e4 c5 2. Nf3 Nc6 3. d4 cxd4 4. Nxd4
d6 5. Be3 Nf6 6. Nc3 Bd7 7. Be2 g6 8. Qd2 Bg7 9. O-O-O a6 10. f4 Bg4 11. Nf3 b5
12. h3 Bd7 13. e5 b4 14. Nd5 Nxd5 15. Qxd5 O-O 16. h4 Rc8 17. Ng5 Bf5 18. g4 {#
} Bxc2 19. Rd2 Ba4 20. b3 e6 21. exd6 0-1

[Event "12e Tournoi de Noël"]
[Site "Montigny le Bretonneux"]
[Date "2009.12.31"]
[Round "7.16"]
[White "Hurlot, Rodolphe"]
[Black "Canto, Jean-Louis"]
[Result "1-0"]
[WhiteElo "1745"]
[BlackElo "1610"]
[Annotator "Rivier,Sylvain"]
[PlyCount "147"]

{Ouverture anglaise, variante néo-catalane refusée} 1. Nf3 d5 2. g3 Nf6 3. Bg2
e6 4. O-O Be7 5. c4 c6 6. b3 Nbd7 7. Bb2 O-O 8. d3 Qc7 9. Nbd2 b6 10. Re1 Bb7
11. e4 dxe4 12. dxe4 e5 13. Ng5 Rad8 14. Qc2 Bc5 15. Ngf3 Rfe8 16. a3 Bf8 17.
Nh4 Nc5 18. Bf1 Bc8 19. b4 Ne6 20. Ndf3 Nd4 21. Nxd4 exd4 22. Bd3 c5 23. f4 Ng4
24. Bc1 {#} Ne3 25. Bxe3 dxe3 26. b5 Qd7 27. Rxe3 Qd4 28. Rae1 Bg4 29. Kg2 f5
30. e5 Qd7 31. Bxf5 Qd2+ 32. Qxd2 Rxd2+ 33. Kg1 Bxf5 34. Nxf5 Re6 35. Nh4 g5
36. Nf3 Rd8 37. Nxg5 Re7 38. Ne4 Bg7 39. Nc3 Re6 40. Nd5 Rd7 41. Rd1 Kf7 42.
Red3 Bxe5 43. fxe5 Rxe5 44. Rf1+ Kg7 45. Rdf3 Re2 46. R3f2 Re6 47. Rf3 Re2 48.
R1f2 Re1+ 49. Kg2 Rc1 50. Rc3 Re1 51. h4 h5 52. Nf6 Rdd1 53. Nd5 Rg1+ 54. Kf3
Ra1 55. Ne7 Rgd1 56. Nc6 Rd7 57. Re2 Rf7+ 58. Kg2 Rff1 59. Nxa7 Rg1+ 60. Kf3
Raf1+ 61. Rf2 Rd1 62. Nc8 Rd7 63. Nxb6 Rf7+ 64. Ke2 Re7+ 65. Re3 Rxe3+ 66. Kxe3
Rxg3+ 67. Rf3 Rg1 68. Nd7 Ra1 69. Nxc5 Rxa3+ 70. Ke4 Ra1 71. Rb3 Kf6 72. b6
Re1+ 73. Kd5 Rd1+ 74. Kc6 1-0

[Event "12e Tournoi de Noël"]
[Site "Montigny le Bretonneux"]
[Date "2009.12.31"]
[Round "7.17"]
[White "Mauron, Regis"]
[Black "Habunek, Patrick"]
[Result "0-1"]
[WhiteElo "1585"]
[BlackElo "1786"]
[Annotator "Rivier,Sylvain"]
[PlyCount "98"]

{Ouverture irrégulière} 1. b4 e5 2. Bb2 Bxb4 3. Bxe5 Nf6 4. e3 Nc6 5. Bb2 d5 6.
Nf3 O-O 7. Be2 Re8 8. O-O a6 9. d3 Bd6 10. Nbd2 Ne5 11. h3 b5 12. e4 dxe4 13.
Nxe4 Nxe4 14. dxe4 Bb7 15. Bd3 Nxf3+ 16. Qxf3 Qh4 17. Rae1 Be5 18. Bxe5 Rxe5
19. Re3 Rae8 20. Rfe1 c5 21. c4 b4 22. Qg4 Qxg4 23. hxg4 Rd8 24. f3 a5 {#} 25.
Rd1 Ba6 26. Rb1 Rd4 27. Rc1 Re8 28. Bf1 Red8 29. Ree1 Kf8 30. Kf2 h6 31. Kg3
Rd2 32. Ra1 R8d4 33. Rec1 Rb2 34. a4 Rdd2 35. Rd1 Ke7 36. Rxd2 Rxd2 37. Kf4 Rc2
38. Ke3 Bxc4 39. Bxc4 Rxc4 40. Kd3 Rc3+ 41. Kd2 c4 42. Ra2 Rd3+ 43. Kc1 b3 44.
Rb2 Kd6 45. f4 Kc5 46. e5 Rd4 47. g3 Rd3 48. Rd2 Rxd2 49. Kxd2 Kd4 0-1

[Event "12e Tournoi de Noël"]
[Site "Montigny le Bretonneux"]
[Date "2009.12.31"]
[Round "7.18"]
[White "Guillot, Alain"]
[Black "Verkarre, Sylvie"]
[Result "1/2-1/2"]
[WhiteElo "1759"]
[BlackElo "1520"]
[Annotator "Rivier,Sylvain"]
[PlyCount "116"]

{Défense est-indienne, variante classique} 1. c4 Nf6 2. Nc3 d6 3. d4 g6 4. e4
Bg7 5. Nf3 O-O 6. Be2 Bg4 7. O-O Nbd7 8. h3 Bxf3 9. Bxf3 e5 10. d5 Ne8 11. Bd2
f5 12. b4 f4 13. a4 Rc8 14. Rc1 a6 15. Qb3 Kh8 16. a5 b6 17. axb6 cxb6 18. Na4
b5 19. cxb5 axb5 20. Rxc8 Qxc8 21. Rc1 Qa6 22. Nb2 Qb6 23. Rc6 Qd4 24. Bc3 Qa7
25. Bd2 {#} Nef6 26. Rxd6 Ra8 27. Rc6 Bf8 28. Qc3 Qa1+ 29. Qc1 Qxc1+ 30. Rxc1
Ra2 31. Rb1 Ne8 32. Bg4 Ndf6 33. f3 Nd6 34. Bc3 Nxg4 35. hxg4 Bg7 36. Nd3 Nc4
37. Ra1 Rxa1+ 38. Bxa1 Kg8 39. Nc5 Kf7 40. Ne6 Bf8 41. Nxf8 Kxf8 42. Kf1 Ke7
43. Kf2 Kf6 44. g3 fxg3+ 45. Kxg3 g5 46. Bc3 Nd6 47. Be1 Nc4 48. Bf2 Na3 49.
Bc5 Nc2 50. Kf2 Kf7 51. Ke2 Na3 52. Kd3 Nc4 53. Be3 Nxe3 54. Kxe3 Ke7 55. Kd3
Kd6 56. Ke3 Ke7 57. Kf2 Kd6 58. Kg3 Ke7 1/2-1/2

[Event "12e Tournoi de Noël"]
[Site "Montigny le Bretonneux"]
[Date "2009.12.31"]
[Round "7.19"]
[White "Galopin, Gregory"]
[Black "Couradin, Jean-Marie"]
[Result "0-1"]
[WhiteElo "1590"]
[BlackElo "1755"]
[Annotator "Rivier,Sylvain"]
[PlyCount "36"]

{Défense Benoni} 1. d4 Nf6 2. c4 e6 3. Nc3 c5 4. d5 exd5 5. Nxd5 Nxd5 6. cxd5
d6 7. e4 g6 8. Rb1 Bg7 9. Bb5+ Bd7 10. Qa4 O-O 11. Bf4 Qe7 12. Bxd7 Nxd7 13.
Ne2 a6 14. O-O Rfe8 15. Nc3 {#} b5 16. Qc2 c4 17. b3 cxb3 18. axb3 Rac8 0-1

[Event "12e Tournoi de Noël"]
[Site "Montigny le Bretonneux"]
[Date "2009.12.31"]
[Round "7.20"]
[White "Couradin, Bruno"]
[Black "Clement-Demange, Bernard"]
[Result "0-1"]
[WhiteElo "1630"]
[BlackElo "1735"]
[Annotator "Rivier,Sylvain"]
[PlyCount "92"]

{Défense sicilienne} 1. e4 c5 2. Nf3 b6 3. Bc4 Bb7 4. Nc3 g6 5. d4 cxd4 6. Qxd4
Nf6 7. e5 Nc6 8. Qf4 d5 9. Bb3 Nh5 10. Qh4 e6 11. Bg5 Be7 12. Nb5 O-O 13. g4 f6
{#} 14. Bxf6 Nxf6 15. exf6 Bxf6 16. g5 Bxb2 17. Qg4 Rf5 18. Rd1 Qf8 19. Rd3 Ne5
20. Nxe5 Rxe5+ 21. Re3 Rxe3+ 22. fxe3 Qf5 23. Qxf5 exf5 24. O-O Kg7 25. Nc7 Rc8
26. Nb5 Rc5 27. Nd4 Bxd4 28. exd4 Rc7 29. Re1 Ba6 30. Re5 Bc4 31. Bxc4 dxc4 32.
Kf2 h6 33. h4 hxg5 34. hxg5 Kf7 35. c3 Rc8 36. Kg3 Rh8 37. d5 Re8 38. Kf4 Rxe5
39. Kxe5 Ke7 40. Kd4 b5 41. Ke5 Kd7 42. d6 a6 43. a3 a5 44. Kd5 f4 45. Ke4 b4
46. axb4 a4 0-1